000 00399nam a22001697a 4500
005 20260408111107.0
008 160628b xxu||||| |||| 00| 0 eng d
020 _a978-0-00-725285-5
041 _aeng
082 _a823.912
100 _aAlistair, Maclean
_93070
245 _aBreakheart Pass
260 _bHarper Collins
_c1974
300 _a235
650 _aenglish fiction
_98925
942 _cBK
999 _c4456
_d4455